Countries that border Russia - Statistics

General Stats
  • This quiz has been taken 17 times
    9 since last reset
  • The average score is 12 of 16
Answer Stats
Direction Country % Correct
East/South China
100%
East Japan
100%
South Mongolia
100%
East North Korea
100%
West Belarus
83%
West Estonia
83%
East (Kalinigrad) Lithuania
83%
West Ukraine
83%
South/West Azerbaijan
67%
West Finland
67%
South/West Georgia
67%
South Kazakhstan
67%
West Latvia
67%
West/North Norway
67%
West/South (Kalinigrad) Poland
67%
East (Not Touching) Alaska (U.S.)
17%
No matching quizzes found
Score Distribution
Percent of People with Each Score
Percentile by Number Answered
Your Score History
You have not taken this quiz since the last reset